<?xml version="1.0" encoding="UTF-8"?>
<record
    xmlns:xsi="http://www.w3.org/2001/XMLSchema-instance"
    xsi:schemaLocation="http://www.loc.gov/MARC21/slim http://www.loc.gov/standards/marcxml/schema/MARC21slim.xsd"
    xmlns="http://www.loc.gov/MARC21/slim">

  <leader>01207nam a22002657a 4500</leader>
  <controlfield tag="005">20170124102928.0</controlfield>
  <datafield tag="010" ind1=" " ind2=" ">
    <subfield code="a">B-136422</subfield>
  </datafield>
  <datafield tag="020" ind1=" " ind2=" ">
    <subfield code="c">400.00</subfield>
    <subfield code="a">9788179650790</subfield>
  </datafield>
  <datafield tag="035" ind1=" " ind2=" ">
    <subfield code="a">B-136422</subfield>
  </datafield>
  <datafield tag="037" ind1=" " ind2=" ">
    <subfield code="b">Cen Lib/Ret</subfield>
  </datafield>
  <datafield tag="040" ind1=" " ind2=" ">
    <subfield code="a">DPL</subfield>
    <subfield code="b">HN</subfield>
  </datafield>
  <datafield tag="082" ind1=" " ind2=" ">
    <subfield code="a">4420</subfield>
    <subfield code="b">&#x92E;&#x93F;&#x936;&#x94D;&#x930;&#x930;&#x93E;</subfield>
  </datafield>
  <datafield tag="100" ind1=" " ind2=" ">
    <subfield code="a">&#x92E;&#x93F;&#x936;&#x94D;&#x930;, &#x930;&#x93E;&#x91C;&#x947;&#x902;&#x926;&#x94D;&#x930; </subfield>
    <subfield code="9">44283</subfield>
  </datafield>
  <datafield tag="245" ind1=" " ind2=" ">
    <subfield code="a">&#x92A;&#x94D;&#x930;&#x92F;&#x94B;&#x91C;&#x928;&#x92E;&#x942;&#x932;&#x915; &#x939;&#x93F;&#x902;&#x926;&#x940; &#x915;&#x947; &#x935;&#x93F;&#x935;&#x93F;&#x927; &#x930;&#x942;&#x92A; /</subfield>
    <subfield code="c">&#x930;&#x93E;&#x91C;&#x947;&#x902;&#x926;&#x94D;&#x930; &#x92E;&#x93F;&#x936;&#x94D;&#x930; [&#x90F;&#x935;&#x92E;] &#x930;&#x93E;&#x915;&#x947;&#x936; &#x936;&#x930;&#x94D;&#x92E;&#x93E; </subfield>
  </datafield>
  <datafield tag="246" ind1=" " ind2=" ">
    <subfield code="a">Priyojanakmulak Hindi ke vividh roop /</subfield>
    <subfield code="b">by Rajendra mishra [and] rakesh sharma</subfield>
  </datafield>
  <datafield tag="260" ind1=" " ind2=" ">
    <subfield code="a">&#x928;&#x908; &#x926;&#x93F;&#x932;&#x94D;&#x932;&#x940; </subfield>
    <subfield code="b">&#x924;&#x915;&#x94D;&#x937;&#x93F;&#x932;&#x93E; &#x92A;&#x94D;&#x930;&#x915;&#x93E;&#x936;&#x928; </subfield>
    <subfield code="c">2005</subfield>
  </datafield>
  <datafield tag="270" ind1=" " ind2=" ">
    <subfield code="b">&#x928;&#x908; &#x926;&#x93F;&#x932;&#x94D;&#x932;&#x940; </subfield>
    <subfield code="a">98-&#x90F;, &#x939;&#x93F;&#x902;&#x926;&#x940; &#x92A;&#x93E;&#x930;&#x94D;&#x915;, &#x926;&#x930;&#x92F;&#x93E;&#x917;&#x902;&#x91C; </subfield>
    <subfield code="e">110002</subfield>
  </datafield>
  <datafield tag="300" ind1=" " ind2=" ">
    <subfield code="a">vi,335&#x92A;&#x943;. </subfield>
    <subfield code="c">22&#x938;&#x947;&#x92E;&#x940;(&#x938;&#x91C;&#x93F;&#x932;&#x94D;&#x926;)</subfield>
  </datafield>
  <datafield tag="650" ind1=" " ind2=" ">
    <subfield code="a">&#x939;&#x93F;&#x928;&#x94D;&#x926;&#x940; &#x92D;&#x93E;&#x937;&#x93E;</subfield>
    <subfield code="9">1413</subfield>
  </datafield>
  <datafield tag="650" ind1=" " ind2=" ">
    <subfield code="a">&#x92D;&#x93E;&#x937;&#x93E;&#x935;&#x93F;&#x91C;&#x94D;&#x91E;&#x93E;&#x928;</subfield>
    <subfield code="9">44284</subfield>
  </datafield>
  <datafield tag="650" ind1=" " ind2=" ">
    <subfield code="a">Hindi langauge </subfield>
    <subfield code="9">44285</subfield>
  </datafield>
  <datafield tag="650" ind1=" " ind2=" ">
    <subfield code="a">Linguistics </subfield>
    <subfield code="9">44286</subfield>
  </datafield>
  <datafield tag="700" ind1=" " ind2=" ">
    <subfield code="a">&#x936;&#x930;&#x94D;&#x92E;&#x93E;, &#x930;&#x93E;&#x915;&#x947;&#x936; </subfield>
    <subfield code="9">44287</subfield>
  </datafield>
  <datafield tag="942" ind1=" " ind2=" ">
    <subfield code="2">ddc</subfield>
    <subfield code="c">HN</subfield>
    <subfield code="h">420</subfield>
    <subfield code="m">&#x92E;&#x93F;&#x936;&#x94D;&#x930;</subfield>
  </datafield>
  <datafield tag="999" ind1=" " ind2=" ">
    <subfield code="c">111734</subfield>
    <subfield code="d">111734</subfield>
  </datafield>
  <datafield tag="952" ind1=" " ind2=" ">
    <subfield code="0">0</subfield>
    <subfield code="1">0</subfield>
    <subfield code="4">0</subfield>
    <subfield code="7">1</subfield>
    <subfield code="8">REF</subfield>
    <subfield code="a">L</subfield>
    <subfield code="b">L</subfield>
    <subfield code="d">2015-08-05</subfield>
    <subfield code="e">Cen Lib/Ret</subfield>
    <subfield code="g">400.00</subfield>
    <subfield code="l">0</subfield>
    <subfield code="o">4420 &#x92E;&#x93F;&#x936;&#x94D;&#x930;&#x930;&#x93E;</subfield>
    <subfield code="p">B-136422</subfield>
    <subfield code="r">2015-08-05 00:00:00</subfield>
    <subfield code="t">1</subfield>
    <subfield code="v">400.00</subfield>
    <subfield code="w">2015-08-05</subfield>
    <subfield code="y">HN</subfield>
  </datafield>
</record>
